Contractors attributes affecting construction projects in pakistan (Record no. 551194)

000 -LEADER
fixed length control field 00425nam a22001457a 4500
082 ## - DEWEY DECIMAL CLASSIFICATION NUMBER
Classification number T-177CEM
Author Mark Imran Khan
100 ## - MAIN ENTRY--PERSONAL NAME
Personal name Imran Khan
9 (RLIN) 9287
245 ## - TITLE STATEMENT
Title Contractors attributes affecting construction projects in pakistan
Statement of responsibility, etc. Imran Khan
260 ## - PUBLICATION, DISTRIBUTION, ETC.
Place of publication, distribution, etc. Risalpur
Name of publisher, distributor, etc. Imran Khan
Date of publication, distribution, etc. c2014
300 ## - PHYSICAL DESCRIPTION
Extent 47 p. :
526 ## - STUDY PROGRAM INFORMATION NOTE
Program name 0
Interest level 0
Reading level 0
Title point value T_177CEM_IMRAN_KHAN
650 ## - SUBJECT ADDED ENTRY--TOPICAL TERM
Topical term or geographic name entry element MCE
9 (RLIN) 379
700 ## - ADDED ENTRY--PERSONAL NAME
Personal name Dr. Sarfraz Ahmed
9 (RLIN) 29043
942 ## - ADDED ENTRY ELEMENTS (KOHA)
Source of classification or shelving scheme
Koha item type Book
Holdings
Withdrawn status Lost status Source of classification or shelving scheme Damaged status Not for loan Permanent Location Current Location Date acquired Total Checkouts Full call number Barcode Date last seen Price effective from Koha item type Public note
          Military College of Engineering (MCE) Military College of Engineering (MCE) 12/04/2014   T-177CEM Imran Khan MCE-T-177CEM 12/04/2014 12/04/2014 Book Project.
© 2023 Central Library, National University of Sciences and Technology. All Rights Reserved.